Student solutions manual for Mathematical methods for physics and engineering. 3rd ed. / (Record no. 3775)
[ view plain ]
| 000 -LEADER | |
|---|---|
| fixed length control field | 00775cam a22002292 4500 |
| 001 - CONTROL NUMBER | |
| control field | 0000018621 |
| 005 - DATE AND TIME OF LATEST TRANSACTION | |
| control field | 20151217145906.0 |
| 008 - FIXED-LENGTH DATA ELEMENTS--GENERAL INFORMATION | |
| fixed length control field | 100223s xx 000 0 eng d |
| 020 ## - INTERNATIONAL STANDARD BOOK NUMBER | |
| International Standard Book Number | 0521679732 |
| 040 ## - CATALOGING SOURCE | |
| Original cataloging agency | KABU |
| Transcribing agency | KABU |
| 100 1# - MAIN ENTRY--PERSONAL NAME | |
| Personal name | Riley, K. F. |
| -- | 0000156978 |
| 245 10 - TITLE STATEMENT | |
| Title | Student solutions manual for Mathematical methods for physics and engineering. 3rd ed. / |
| Statement of responsibility, etc. | K. F. Riley and M. P. Hobson. |
| 250 ## - EDITION STATEMENT | |
| Edition statement | 1st ed. |
| 260 ## - PUBLICATION, DISTRIBUTION, ETC. (IMPRINT) | |
| Place of publication, distribution, etc. | Cambridge : |
| Name of publisher, distributor, etc. | C. U. P., |
| Date of publication, distribution, etc. | 2006. |
| 300 ## - PHYSICAL DESCRIPTION | |
| Extent | x, 534 p. |
| 650 #0 - SUBJECT ADDED ENTRY--TOPICAL TERM | |
| Topical term or geographic name as entry element | Mathematical analysis. |
| -- | 0000154569 |
| 700 1# - ADDED ENTRY--PERSONAL NAME | |
| Personal name | Hobson, M. P. |
| -- | 0000156979 |
| 852 1# - LOCATION | |
| -- | p5990 KES (Set) |
| 852 1# - LOCATION | |
| -- | p5990 KES (Set) |
| 908 ## - PUT COMMAND PARAMETER (RLIN) | |
| Put command parameter | 100223 |
| 950 ## - LOCAL HOLDINGS (RLIN) | |
| -- | 1 |
| Withdrawn status | Lost status | Source of classification or shelving scheme | Not for loan | Home library | Current library | Date acquired | Total Checkouts | Full call number | Barcode | Date last seen | Date last checked out | Price effective from | Koha item type |
|---|---|---|---|---|---|---|---|---|---|---|---|---|---|
| Library of Congress Classification | Kabarak, Main Campus | Kabarak, Main Campus | 17/12/2015 | 4 | QA300 .R552 2006 c. 2 | 18634 | 29/04/2021 | 23/02/2021 | 17/12/2015 | General Collection | |||
| Library of Congress Classification | Kabarak, Main Campus | Kabarak, Main Campus | 17/12/2015 | 7 | QA300 .R552 2006 c. 3 | 18636 | 05/12/2019 | 27/11/2019 | 17/12/2015 | General Collection | |||
| Library of Congress Classification | Kabarak, Main Campus | Kabarak, Main Campus | 17/12/2015 | 6 | QA300 .R552 2006 c. 1 | 18632 | 05/07/2022 | 23/05/2022 | 17/12/2015 | General Collection |